[Event "Bad Woerishofen op"]
[Site "?"]
[Date "2003.??.??"]
[Round "2"]
[White "Ring, Gregor"]
[Black "Schenfeld, Waldemar"]
[Result "1-0"]
[WhiteElo "1978"]
[BlackElo "1462"]
[Annotator "ChessOrg"]
[PlyCount "43"]

1. e4 Nf6 2. e5 Ng8 3. Nf3 e6 4. d4 d5 5. Bb5+ c6 6. Bd3 Ne7 7. O-O g6 8. Bg5
Bg7 9. Nbd2 Nd7 10. c4 O-O 11. Re1 Re8 12. cxd5 cxd5 13. Rc1 a6 14. Nb3 h6 15.
Bh4 Qb6 16. Qd2 Kh7 17. Rc3 Ng8 18. Rec1 Nf8 19. Qf4 Bd7 20. Qxf7 Bc6 21. Bf6
Nxf6 22. exf6 1-0

[Event "Bad Woerishofen op"]
[Site "?"]
[Date "2003.??.??"]
[Round "2"]
[White "Santner, Thomas"]
[Black "Dittlow, Holger"]
[Result "1-0"]
[WhiteElo "1969"]
[BlackElo "1430"]
[Annotator "ChessOrg"]
[PlyCount "111"]

1. e4 e5 2. Nf3 Nf6 3. Nxe5 d6 4. Nf3 Nxe4 5. d4 Nf6 6. Bg5 Be7 7. Bd3 h6 8.
Bh4 Nc6 9. c3 O-O 10. Nbd2 Re8 11. Qc2 Nd5 12. Bg3 Bh4+ 13. Kf1 Bxg3 14. hxg3
a6 15. Nh4 b5 16. Ndf3 Bd7 17. Nf5 Bxf5 18. Bxf5 Qf6 19. Bd7 Na5 20. Bxe8 Rxe8
21. b3 Re6 22. Re1 Nc6 23. Rxe6 Qxe6 24. Qd2 Nce7 25. Ne1 Qf6 26. g4 c5 27. f3
Nf4 28. Kf2 Ned5 29. g3 Ne6 30. dxc5 Nec7 31. cxd6 Qxd6 32. Nd3 Qc6 33. Rc1 Qd6
34. Kg2 Ne7 35. c4 bxc4 36. bxc4 f5 37. c5 Qd5 38. Qc2 fxg4 39. Qc4 gxf3+ 40.
Kf2 Qxc4 41. Rxc4 Ng6 42. Kxf3 Kf7 43. Ra4 Ne7 44. Nb4 Ke8 45. Nxa6 Ne6 46. Rc4
Kd7 47. Nb4 Nd8 48. c6+ Nexc6 49. Nxc6 Nxc6 50. Rxc6 Kxc6 51. Ke4 g6 52. Ke5 g5
53. Kf5 g4 54. Kxg4 Kb5 55. Kh5 Kb4 56. Kxh6 1-0

[Event "Bad Woerishofen op"]
[Site "?"]
[Date "2003.??.??"]
[Round "2"]
[White "Nepple, Rolf"]
[Black "Eichler, Gottfried"]
[Result "0-1"]
[WhiteElo "1570"]
[BlackElo "2112"]
[Annotator "ChessOrg"]
[PlyCount "88"]

1. e4 c5 2. Nf3 d6 3. d4 cxd4 4. Nxd4 Nf6 5. Nc3 a6 6. Bg5 e6 7. Bc4 b5 8. Bd3
Be7 9. Qd2 Bb7 10. f3 Nbd7 11. b4 d5 12. exd5 Nxd5 13. Bxe7 Qxe7 14. Nxd5 Bxd5
15. O-O Nb6 16. Rfe1 O-O 17. Nf5 Qf6 18. Ne3 Rfd8 19. Qe2 Rac8 20. Red1 h6 21.
a3 Rd7 22. Ng4 Qc3 23. Qd2 Rdc7 24. Rac1 Na4 25. Ne3 Bb7 26. Be4 Bxe4 27. fxe4
Qxa3 28. Ra1 Qc3 29. Qxc3 Rxc3 30. Rd3 R3c6 31. Rad1 Nc3 32. Rd8+ Rxd8 33.
Rxd8+ Kh7 34. Rd7 f6 35. Ng4 Nxe4 36. Ne3 f5 37. g3 Kg6 38. Kg2 Kf6 39. h4 g5
40. hxg5+ hxg5 41. Kf3 Nd6 42. g4 Nf7 43. gxf5 Ne5+ 44. Ke4 Nxd7 0-1

[Event "Bad Woerishofen op"]
[Site "?"]
[Date "2003.??.??"]
[Round "2"]
[White "Jenni, Florian"]
[Black "Duckstein, Torsten"]
[Result "1-0"]
[WhiteElo "2516"]
[BlackElo "1843"]
[Annotator "ChessOrg"]
[PlyCount "47"]

1. e4 e5 2. Nf3 d5 3. exd5 Bd6 4. d4 e4 5. Ne5 Ne7 6. Nc3 Bb4 7. Bb5+ c6 8.
dxc6 O-O 9. O-O bxc6 10. Bc4 Bxc3 11. bxc3 Nd5 12. f3 Be6 13. Qe1 f6 14. fxe4
fxe5 15. exd5 Rxf1+ 16. Bxf1 Qxd5 17. Qg3 exd4 18. Bh6 g6 19. Bc4 Qxc4 20. Qe5
Kf7 21. Rf1+ Bf5 22. Re1 Be6 23. Qg7+ Ke8 24. Bg5 1-0

[Event "Bad Woerishofen op"]
[Site "?"]
[Date "2003.??.??"]
[Round "2"]
[White "Weber, Ludwig"]
[Black "Kugelmann, Joachim"]
[Result "0-1"]
[WhiteElo "1460"]
[BlackElo "1922"]
[Annotator "ChessOrg"]
[PlyCount "102"]

1. e4 e5 2. d3 Nf6 3. Nd2 Nc6 4. c3 d5 5. Qc2 Bc5 6. h3 Be6 7. Ndf3 h6 8. Ne2
a5 9. g4 dxe4 10. dxe4 Nxe4 11. Qxe4 Bd5 12. Qd3 e4 13. Qb5 exf3 14. Nf4 Qd6
15. Nxd5 Qxd5 16. Be3 b6 17. Bd3 O-O 18. O-O-O Bxe3+ 19. fxe3 Qxb5 20. Bxb5 Ne5
21. Rhf1 c6 22. Ba4 Rad8 23. Rd4 b5 24. Bc2 c5 25. Rdd1 Rfe8 26. Be4 Rxd1+ 27.
Rxd1 f2 28. Bg2 Nc4 29. Rf1 Nxe3 30. Rxf2 Nxg2 31. Rxg2 Re3 32. Rh2 g6 33. Kd2
Rg3 34. Kc2 Kg7 35. Rd2 Rxh3 36. Rd5 f5 37. gxf5 Rh5 38. Rxc5 Rxf5 39. b4 Rxc5
40. bxc5 Kf6 41. Kb3 h5 42. a4 h4 43. axb5 h3 44. c6 Ke6 45. Ka4 h2 46. Kxa5
h1=Q 47. c4 Kd6 48. Kb6 Qg1+ 49. Kb7 Qc5 50. Ka6 Kc7 51. Ka5 Qa3# 0-1

[Event "Bad Woerishofen op"]
[Site "?"]
[Date "2003.??.??"]
[Round "2"]
[White "Haeuser, Marco"]
[Black "Mader, Sascha"]
[Result "0-1"]
[WhiteElo "1398"]
[BlackElo "1900"]
[Annotator "ChessOrg"]
[PlyCount "44"]

1. c4 Nf6 2. Nc3 b6 3. Nf3 Bb7 4. e3 e6 5. d4 Bb4 6. Bd2 O-O 7. Bd3 d5 8. O-O
dxc4 9. Bxc4 c5 10. dxc5 Bxc5 11. Re1 Nc6 12. a3 Na5 13. Ba2 Bxf3 14. gxf3 Nc6
15. b4 Bd6 16. e4 Nh5 17. Ne2 Qh4 18. Ng3 Rfd8 19. Rc1 Bf4 20. Bd5 exd5 21.
Bxf4 Nxf4 22. Rxc6 Qh3 0-1

[Event "Bad Woerishofen op"]
[Site "?"]
[Date "2003.??.??"]
[Round "2"]
[White "Ragsch, Klaus"]
[Black "Breiter, Juergen"]
[Result "1-0"]
[WhiteElo "1890"]
[BlackElo "1308"]
[Annotator "ChessOrg"]
[PlyCount "54"]

1. e4 e5 2. Nf3 Nc6 3. Bb5 a6 4. Ba4 b5 5. Bb3 d6 6. c3 Be7 7. O-O Nf6 8. Re1
O-O 9. d3 h6 10. Nbd2 Nh7 11. Bd5 Bb7 12. a4 Nf6 13. Bb3 Na5 14. Bc2 c5 15. Nf1
Qc7 16. Ng3 Rfe8 17. Nf5 Bf8 18. Bd2 Nc6 19. Rc1 Ne7 20. N3h4 Nxf5 21. Nxf5 Kh7
22. Qf3 g6 23. Nxh6 Nxe4 24. dxe4 Bxh6 25. Qh3 Kg7 26. Qxh6+ Kg8 27. Bg5 Re6
1-0

[Event "Bad Woerishofen op"]
[Site "?"]
[Date "2003.??.??"]
[Round "2"]
[White "Kuhn, Hans"]
[Black "Wiesbeck, Florian"]
[Result "0-1"]
[WhiteElo "1311"]
[BlackElo "1882"]
[Annotator "ChessOrg"]
[PlyCount "78"]

1. e4 c5 2. Nf3 e6 3. d4 cxd4 4. Nxd4 Nf6 5. Bg5 Qa5+ 6. Qd2 Bb4 7. c3 Nxe4 8.
Qe3 Qxg5 9. Qxg5 Nxg5 10. cxb4 a6 11. Nd2 h6 12. Nc4 Nc6 13. Nb6 Rb8 14. Rc1
Ke7 15. Nb3 Nxb4 16. Rc4 Nc6 17. Be2 Rd8 18. O-O d5 19. Rc2 Nb4 20. Rc7+ Kd6
21. Rfc1 Nc6 22. Rxc8 Rdxc8 23. Nxc8+ Rxc8 24. f3 Rc7 25. Bd3 g6 26. h4 Nh7 27.
h5 Ne5 28. Rxc7 Kxc7 29. Bc2 Nf8 30. f4 Nc4 31. hxg6 fxg6 32. Nd4 Nxb2 33. g4
Nc4 34. Kf2 Kd6 35. f5 gxf5 36. gxf5 e5 37. Nf3 e4 38. Nh4 Ke5 39. Ng6+ Nxg6
0-1

[Event "Bad Woerishofen op"]
[Site "?"]
[Date "2003.??.??"]
[Round "2"]
[White "Wiessner, Johann"]
[Black "Neumann, Peter"]
[Result "1/2-1/2"]
[WhiteElo "1586"]
[BlackElo "2026"]
[Annotator "ChessOrg"]
[PlyCount "48"]

1. d4 f5 2. e4 fxe4 3. Nc3 Nf6 4. f3 exf3 5. Nxf3 d6 6. Bc4 Bg4 7. h3 Bh5 8. g4
Bg6 9. Nh4 d5 10. Nxg6 hxg6 11. Bd3 Qd6 12. Bxg6+ Kd8 13. Qf3 Nc6 14. Be3 e5
15. g5 exd4 16. gxf6 dxe3 17. Qxe3 Qe5 18. Nxd5 Qxe3+ 19. Nxe3 gxf6 20. O-O-O+
Bd6 21. Nc4 Ke7 22. Nxd6 cxd6 23. Bf5 Ne5 24. Rhg1 Rag8 1/2-1/2

[Event "Bad Woerishofen op"]
[Site "?"]
[Date "2003.??.??"]
[Round "2"]
[White "Schaumann, Rudolf"]
[Black "Hipp, Hermann"]
[Result "0-1"]
[WhiteElo "1283"]
[BlackElo "1864"]
[Annotator "ChessOrg"]
[PlyCount "38"]

1. b4 c6 2. Bb2 Nf6 3. c4 e6 4. c5 a5 5. a3 axb4 6. axb4 Rxa1 7. Bxa1 Na6 8.
Qa4 Be7 9. Nf3 O-O 10. e3 b5 11. Qb3 Nd5 12. Bc3 Bf6 13. d4 d6 14. e4 Nxc3 15.
Nxc3 dxc5 16. e5 c4 17. Qb2 Be7 18. Na2 Nxb4 19. Nxb4 Qa5 0-1

[Event "Bad Woerishofen op"]
[Site "?"]
[Date "2003.??.??"]
[Round "3"]
[White "Hermann, Manfred"]
[Black "Korneev, Oleg"]
[Result "1/2-1/2"]
[WhiteElo "2341"]
[BlackElo "2613"]
[Annotator "ChessOrg"]
[PlyCount "144"]

1. e4 c5 2. c3 d5 3. exd5 Qxd5 4. d4 Nf6 5. Nf3 Bg4 6. Be2 cxd4 7. cxd4 e6 8.
h3 Bh5 9. O-O Nc6 10. Nc3 Qd6 11. Nb5 Qd8 12. Bf4 Nd5 13. Bh2 Be7 14. Ne5 Bxe2
15. Qxe2 O-O 16. Nxc6 bxc6 17. Nc3 a5 18. Na4 Nb6 19. Nxb6 Qxb6 20. Rac1 Rfd8
21. Be5 Rd5 22. Rc2 Rad8 23. Qg4 g6 24. Rfc1 Rc8 25. b3 Bf8 26. Qf4 Bg7 27.
Bxg7 Kxg7 28. Rc5 Rcd8 29. Rxc6 Qxd4 30. Qxd4+ Rxd4 31. g3 a4 32. Rc7 R8d5 33.
R1c4 Rd1+ 34. Kg2 Rf5 35. bxa4 Rd2 36. Rf4 Rxf4 37. gxf4 Rd4 38. Kg3 Rxa4 39.
Rc2 Ra3+ 40. f3 Kf6 41. h4 h6 42. Kg4 Ra4 43. Kg3 Ra5 44. Kg4 h5+ 45. Kg3 Kf5
46. Re2 f6 47. Rb2 Ra3 48. Rb5+ e5 49. fxe5 fxe5 50. Rb2 g5 51. hxg5 Kxg5 52.
Re2 h4+ 53. Kg2 Kf5 54. Kf2 Ra4 55. Kg2 Kf4 56. a3 Rc4 57. Rb2 h3+ 58. Kxh3
Kxf3 59. Rb3+ Kf2 60. Rb2+ Kf3 61. Rb3+ Ke2 62. Rb4 Rd4 63. Kg3 Ke3 64. Rb1 Rd3
65. Ra1 e4 66. a4 Kd4+ 67. Kf2 Rd2+ 68. Ke1 Rh2 69. Ra3 e3 70. Rb3 Ra2 71. Rb4+
Ke5 72. Rb3 Ke4 1/2-1/2

[Event "Bad Woerishofen op"]
[Site "?"]
[Date "2003.??.??"]
[Round "3"]
[White "Kengis, Edvins"]
[Black "Lieb, Harald"]
[Result "1-0"]
[WhiteElo "2578"]
[BlackElo "2336"]
[Annotator "ChessOrg"]
[PlyCount "63"]

1. Nf3 d5 2. g3 c6 3. Bg2 Bg4 4. O-O Nd7 5. d4 e6 6. Nbd2 Ngf6 7. Re1 Be7 8. e4
dxe4 9. Nxe4 Nxe4 10. Rxe4 Nf6 11. Re1 O-O 12. c3 Qc7 13. Qb3 Bxf3 14. Bxf3
Rfd8 15. Bd2 Rd7 16. Re2 Rad8 17. Rae1 c5 18. Bf4 Bd6 19. Bxd6 Qxd6 20. Rxe6
Qf8 21. R6e5 cxd4 22. cxd4 Rxd4 23. Qxb7 Rb4 24. Qxa7 Rxb2 25. a4 h6 26. Re7
Rbd2 27. a5 R8d7 28. Rxd7 Rxd7 29. Qb6 Qa3 30. Bc6 Qc3 31. Qb8+ Kh7 32. Qb1+
1-0

[Event "Bad Woerishofen op"]
[Site "?"]
[Date "2003.??.??"]
[Round "3"]
[White "Dittmar, Peter"]
[Black "Georgiev, Vladimir"]
[Result "1/2-1/2"]
[WhiteElo "2320"]
[BlackElo "2549"]
[Annotator "ChessOrg"]
[PlyCount "79"]

1. d4 d5 2. c4 c6 3. e3 Nf6 4. Nc3 a6 5. Qc2 e6 6. Nf3 c5 7. dxc5 dxc4 8. Na4
Bxc5 9. Nxc5 Qa5+ 10. Bd2 Qxc5 11. Qxc4 Qxc4 12. Bxc4 Nc6 13. Rc1 Ne4 14. Bd3
Nxd2 15. Nxd2 Ke7 16. Nc4 Nb4 17. Bb1 b5 18. Nb6 Rb8 19. Nxc8+ Rhxc8 20. Ke2 h6
21. Rhd1 Rc4 22. a3 Nc6 23. Bd3 Rxc1 24. Rxc1 Kd6 25. b4 Ne7 26. g3 Rc8 27.
Rxc8 Nxc8 28. Kd2 Kd5 29. Bf1 e5 30. Kc3 Nd6 31. Bg2+ e4 32. h4 g5 33. hxg5
hxg5 34. Bf1 f6 35. a4 f5 36. axb5 axb5 37. Be2 Ke5 38. Bf1 Kd5 39. Be2 Ke5 40.
Bf1 1/2-1/2

[Event "Bad Woerishofen op"]
[Site "?"]
[Date "2003.??.??"]
[Round "3"]
[White "Rotstein, Arkadij"]
[Black "Thiel, Thomas"]
[Result "1-0"]
[WhiteElo "2544"]
[BlackElo "2309"]
[Annotator "ChessOrg"]
[PlyCount "111"]

1. c4 e5 2. g3 Nf6 3. Bg2 d5 4. cxd5 Nxd5 5. Nf3 Nc6 6. O-O Be7 7. d4 e4 8. Ne5
Nxe5 9. dxe5 Bf5 10. Qa4+ Qd7 11. Qxd7+ Kxd7 12. Nd2 Ke6 13. Nxe4 Bxe4 14. Bxe4
Kxe5 15. Bg2 f5 16. b3 Bf6 17. Bb2+ Ke6 18. Bxf6 gxf6 19. Rac1 c6 20. Bh3 Ne7
21. e4 Rhd8 22. Rfd1 a5 23. Bxf5+ Nxf5 24. exf5+ Ke5 25. Re1+ Kxf5 26. Re7 Rab8
27. Rxh7 Rd2 28. Rh5+ Kg6 29. Rxa5 Re8 30. Rc4 Ree2 31. Rg4+ Kf7 32. Rf4 Rxa2
33. Raf5 Re6 34. h4 Rb2 35. b4 Rbe2 36. g4 Kg7 37. Kg2 R2e5 38. Kg3 Kg6 39.
Rxe5 Rxe5 40. Rd4 Rb5 41. f4 c5 42. h5+ Kh6 43. bxc5 Rxc5 44. Rd6 Kg7 45. Rd7+
Kh6 46. Rxb7 Rc3+ 47. Kh4 Rc4 48. Kg3 Rc3+ 49. Kf2 Rc2+ 50. Ke3 Rc3+ 51. Ke4
Rc4+ 52. Kf5 Rc5+ 53. Ke6 f5 54. gxf5 Rc6+ 55. Kf7 Kxh5 56. Kg7 1-0

[Event "Bad Woerishofen op"]
[Site "?"]
[Date "2003.??.??"]
[Round "3"]
[White "Seifert, Volker"]
[Black "Kveinys, Aloyzas"]
[Result "0-1"]
[WhiteElo "2310"]
[BlackElo "2541"]
[Annotator "ChessOrg"]
[PlyCount "62"]

1. d4 Nf6 2. c4 e6 3. Nc3 Bb4 4. Qc2 O-O 5. a3 Bxc3+ 6. Qxc3 b6 7. Bg5 Bb7 8.
e3 d6 9. f3 Nbd7 10. Nh3 Rc8 11. Be2 h6 12. Bh4 Ne4 13. Bxd8 Nxc3 14. Bxc7 Rxc7
15. bxc3 Ba6 16. c5 Bxe2 17. cxb6 Nxb6 18. Kxe2 Rxc3 19. Rhc1 Rfc8 20. Rxc3
Rxc3 21. Kd2 Rxa3 22. Rxa3 Nc4+ 23. Kc3 Nxa3 24. Kb3 Nb5 25. Kb4 Nc7 26. e4 Kf8
27. Nf2 Ke7 28. Nd3 h5 29. e5 Nd5+ 30. Kb5 Ne3 31. g3 Nf1 0-1

[Event "Bad Woerishofen op"]
[Site "?"]
[Date "2003.??.??"]
[Round "3"]
[White "Buchner, Rudolf"]
[Black "Teske, Henrik"]
[Result "0-1"]
[WhiteElo "2301"]
[BlackElo "2531"]
[Annotator "ChessOrg"]
[PlyCount "60"]

1. e4 c5 2. Nf3 Nc6 3. d4 cxd4 4. Nxd4 Qc7 5. Nc3 e6 6. Be3 a6 7. Be2 Nf6 8.
O-O Bb4 9. Na4 O-O 10. Nxc6 bxc6 11. Nb6 Rb8 12. Nxc8 Rfxc8 13. Bxa6 Re8 14.
Bd3 Bd6 15. f4 e5 16. b3 exf4 17. Bd4 f3 18. g3 Bxg3 19. Bxf6 Bxh2+ 20. Kh1
gxf6 21. Qxf3 Be5 22. Rae1 Kh8 23. Qh5 Rg8 24. Qxf7 Rg7 25. Qh5 Rg5 26. Qh6 Rg6
27. Qh5 Bf4 28. Qf5 Rbg8 29. Rf3 Rh6+ 30. Rh3 Rg5 0-1

[Event "Bad Woerishofen op"]
[Site "?"]
[Date "2003.??.??"]
[Round "3"]
[White "Handke, Florian"]
[Black "Schuette, Manfred"]
[Result "1-0"]
[WhiteElo "2516"]
[BlackElo "2280"]
[Annotator "ChessOrg"]
[PlyCount "63"]

1. e4 c5 2. Nf3 d6 3. d4 cxd4 4. Nxd4 Nf6 5. Nc3 g6 6. Be3 Bg7 7. f3 O-O 8. Qd2
Nc6 9. O-O-O d5 10. exd5 Nxd5 11. Nxc6 bxc6 12. Bd4 e5 13. Bc5 Be6 14. Ne4 Rb8
15. Bc4 f5 16. Ng5 e4 17. c3 Bh6 18. h4 Rf7 19. Be3 Rfb7 20. b4 Qe7 21. Rhe1 a5
22. Nxe6 Bxe3 23. Rxe3 Qxe6 24. a3 axb4 25. axb4 Rf7 26. Qd4 Qe7 27. fxe4 Nxe3
28. Qxe3 Ra8 29. Kb2 Re8 30. e5 Qxh4 31. Qc5 Rd8 32. e6 1-0

[Event "Bad Woerishofen op"]
[Site "?"]
[Date "2003.??.??"]
[Round "3"]
[White "Gutman, Lev"]
[Black "Medancic, Rikard"]
[Result "1-0"]
[WhiteElo "2495"]
[BlackElo "2268"]
[Annotator "ChessOrg"]
[PlyCount "67"]

1. Nf3 c5 2. e4 d6 3. d4 cxd4 4. Qxd4 a6 5. c4 Nf6 6. Nc3 Nc6 7. Qd2 e6 8. Be2
Be7 9. O-O O-O 10. b3 Qc7 11. Bb2 b6 12. Rac1 Bb7 13. Nd5 exd5 14. cxd5 Nxe4
15. Qe3 Nf6 16. dxc6 Bc8 17. Rfe1 Ng4 18. Qd2 Bf6 19. Ba3 Rd8 20. h3 Ne5 21.
Nd4 Ng6 22. Bf1 h6 23. g3 d5 24. Bg2 Nf8 25. Bb2 Bg5 26. f4 Bf6 27. Re2 Ne6 28.
Nxe6 Bxe6 29. Bxf6 gxf6 30. Qd4 Rd6 31. Qxf6 Rxc6 32. Rxc6 Qxc6 33. Qxh6 Qc5+
34. Kh2 1-0

[Event "Bad Woerishofen op"]
[Site "?"]
[Date "2003.??.??"]
[Round "3"]
[White "Loew, Gerald"]
[Black "Kuprejchik, Victor"]
[Result "0-1"]
[WhiteElo "2270"]
[BlackElo "2490"]
[Annotator "ChessOrg"]
[PlyCount "40"]

1. c4 Nf6 2. g3 c5 3. Bg2 Nc6 4. Nc3 g6 5. a3 Bg7 6. Rb1 a5 7. Nf3 d5 8. cxd5
Nxd5 9. Qb3 Nb6 10. Qb5 c4 11. b3 cxb3 12. Rxb3 a4 13. Rb1 Ra6 14. O-O O-O 15.
Qc5 Be6 16. Nd1 Bb3 17. Bb2 Nc4 18. Bxg7 Ra5 19. Qxa5 N6xa5 20. Bxf8 Kxf8 0-1

[Event "Bad Woerishofen op"]
[Site "?"]
[Date "2003.??.??"]
[Round "3"]
[White "Kritz, Leonid"]
[Black "Poulsen, Martin"]
[Result "1-0"]
[WhiteElo "2484"]
[BlackElo "2244"]
[Annotator "ChessOrg"]
[PlyCount "87"]

1. e4 e6 2. d4 d5 3. Nd2 dxe4 4. Nxe4 Nd7 5. Bd3 Ngf6 6. Qe2 c5 7. Nxf6+ Nxf6
8. dxc5 Bxc5 9. Nf3 O-O 10. Bg5 Be7 11. O-O-O Qc7 12. h4 Rd8 13. Kb1 Bd7 14.
Ne5 Be8 15. f4 Rd6 16. Bxf6 Bxf6 17. g4 Rb6 18. g5 Qc3 19. b3 Be7 20. Rh3 Kf8
21. Qh5 Rd8 22. Nc4 Rc6 23. Rdh1 Qd4 24. Qxh7 Bb4 25. h5 b5 26. h6 gxh6 27.
Qxh6+ Ke7 28. Ne5 Qxf4 29. Nxc6+ Bxc6 30. Rf1 Qe5 31. Qf6+ Qxf6 32. gxf6+ Kd6
33. Rh5 a6 34. Kb2 Bc5 35. Rd1 Bd4+ 36. c3 Bxf6 37. Bxb5+ Ke7 38. Rxd8 axb5 39.
Rb8 e5 40. Rb6 Bd7 41. Rb7 Kd8 42. Rh7 Kc8 43. Ra7 Be6 44. Raxf7 1-0

[Event "Bad Woerishofen op"]
[Site "?"]
[Date "2003.??.??"]
[Round "3"]
[White "Kauch, Markus"]
[Black "Kunin, Vitaly"]
[Result "0-1"]
[WhiteElo "2263"]
[BlackElo "2476"]
[Annotator "ChessOrg"]
[PlyCount "94"]

1. Nf3 Nf6 2. g3 b5 3. Bg2 Bb7 4. O-O c5 5. d3 d6 6. e4 g6 7. c3 Bg7 8. a4 b4
9. cxb4 cxb4 10. a5 O-O 11. Nbd2 Na6 12. Nb3 Nd7 13. Nfd2 Rc8 14. Nc4 Nac5 15.
Be3 Ba6 16. Nxc5 Nxc5 17. Bxc5 dxc5 18. Qe2 Qd4 19. Rab1 Rfd8 20. Rfd1 b3 21.
Kh1 Rc7 22. e5 e6 23. f4 Rcd7 24. Bf3 Bf8 25. Kg2 Be7 26. Rbc1 Rb8 27. h4 Rdd8
28. h5 Qd7 29. Be4 Qc7 30. Ne3 Rd4 31. Qg4 g5 32. h6 Kh8 33. Qh5 Rf8 34. Ng4
gxf4 35. gxf4 Rxe4 36. dxe4 Be2 37. Kf2 Bxd1 38. Rxd1 c4 39. Ne3 c3 40. Rg1 Qd8
41. bxc3 b2 42. Qe2 Bc5 43. Kf3 f5 44. Qc4 Rg8 45. Rxg8+ Qxg8 46. Qb5 Bxe3 47.
Qxb2 Bc5 0-1

[Event "Bad Woerishofen op"]
[Site "?"]
[Date "2003.??.??"]
[Round "3"]
[White "Sandipan, Chanda"]
[Black "Schuette, Marc"]
[Result "1-0"]
[WhiteElo "2464"]
[BlackElo "2232"]
[Annotator "ChessOrg"]
[PlyCount "83"]

1. e4 e6 2. d4 d5 3. Nc3 Nc6 4. e5 f6 5. Nf3 Qd7 6. Be2 fxe5 7. Nxe5 Nxe5 8.
dxe5 g6 9. Bg5 h6 10. Bf4 Qf7 11. Qd2 Bd7 12. h4 O-O-O 13. O-O-O Kb8 14. Rh3
Ne7 15. Nb5 Nc6 16. Rb3 Bg7 17. Be3 Bxe5 18. f4 Bg7 19. Nxa7 d4 20. Ba6 b6 21.
Nxc6+ Bxc6 22. Bg1 Rhf8 23. Bh2 Bd5 24. Rb4 Qe7 25. Bg3 Qd6 26. Qe1 c5 27. Ra4
Rf5 28. Bd3 Qc6 29. Ra3 Bxg2 30. c4 Kb7 31. Rd2 Bh1 32. Bc2 Ra8 33. Rxa8 Kxa8
34. Re2 Rf6 35. h5 g5 36. f5 Bf3 37. Rf2 g4 38. Rxf3 gxf3 39. Be4 exf5 40.
Bxc6+ Rxc6 41. Qe8+ Kb7 42. Qb8+ 1-0

[Event "Bad Woerishofen op"]
[Site "?"]
[Date "2003.??.??"]
[Round "3"]
[White "Kunz, Konstantin"]
[Black "Donchenko, Anatoli"]
[Result "0-1"]
[WhiteElo "2236"]
[BlackElo "2463"]
[Annotator "ChessOrg"]
[PlyCount "130"]

1. d4 d5 2. c4 e6 3. Nf3 Nf6 4. e3 a6 5. a3 dxc4 6. Bxc4 c5 7. O-O b5 8. Be2
Bb7 9. dxc5 Bxc5 10. Qxd8+ Kxd8 11. Nbd2 Ke7 12. b4 Bd6 13. Bb2 Rc8 14. Rfc1
Nbd7 15. Nb3 Bd5 16. Na5 Nb6 17. Be5 Na4 18. Bxd6+ Kxd6 19. Nd2 Nc3 20. Bf1 Rc7
21. f3 Rac8 22. Re1 Nd7 23. e4 Ba8 24. Ndb3 g5 25. Rac1 h5 26. Re3 Ne2+ 27.
Bxe2 Rxc1+ 28. Nxc1 Rxc1+ 29. Kf2 Ne5 30. Nb3 Rc2 31. Ke1 Ra2 32. Nc1 Rb2 33.
Rb3 Rc2 34. Kd1 Rc8 35. Kd2 f5 36. exf5 exf5 37. Rc3 Rxc3 38. Kxc3 h4 39. Nd3
h3 40. g3 Nxf3 41. Bxf3 Bxf3 42. Kd4 Bg2 43. Nf2 Ke6 44. Nd3 Bf1 45. Nc5+ Kd6
46. Ke3 Kd5 47. Nxa6 Kc4 48. Nc5 Kc3 49. Kf2 Bc4 50. Ke3 Bd5 51. Kf2 Bc6 52.
Ne6 g4 53. Ke3 Kb2 54. Nd4 Bd7 55. Nxb5 Bxb5 56. Kf4 Kc3 57. Kxf5 Bd7+ 58. Kf4
Kd3 59. a4 Ke2 60. b5 Kf2 61. b6 Bc6 62. Kxg4 Kg2 63. a5 Bb7 64. Kf4 Kxh2 65.
g4 Kg2 0-1

[Event "Bad Woerishofen op"]
[Site "?"]
[Date "2003.??.??"]
[Round "3"]
[White "Huhndorf, Arnold"]
[Black "Kohlweyer, Bernd"]
[Result "1/2-1/2"]
[WhiteElo "2221"]
[BlackElo "2454"]
[Annotator "ChessOrg"]
[PlyCount "32"]

1. d4 Nf6 2. c4 e6 3. g3 c5 4. Nf3 cxd4 5. Nxd4 Qc7 6. b3 Bb4+ 7. Bd2 Bc5 8.
Nc2 b6 9. Bg2 Bb7 10. O-O Bxg2 11. Kxg2 O-O 12. Nc3 Qb7+ 13. f3 Nc6 14. e4 h6
15. Be3 Be7 16. Rf2 Rfd8 1/2-1/2

[Event "Bad Woerishofen op"]
[Site "?"]
[Date "2003.??.??"]
[Round "3"]
[White "Prie, Eric"]
[Black "Poettinger, Harald"]
[Result "1-0"]
[WhiteElo "2446"]
[BlackElo "2230"]
[Annotator "ChessOrg"]
[PlyCount "79"]

1. e4 e5 2. Nf3 d6 3. d4 exd4 4. Nxd4 Nf6 5. Nc3 Be7 6. Bc4 O-O 7. O-O a6 8. a4
Nc6 9. Re1 Nb4 10. Bd2 c5 11. Nf3 Bg4 12. Rc1 Re8 13. h3 Bh5 14. g4 Bg6 15. e5
dxe5 16. Nxe5 Qd4 17. Nxg6 hxg6 18. Bf1 Rad8 19. Be3 Qxd1 20. Rexd1 Rxd1 21.
Nxd1 Nbd5 22. Bg2 b5 23. Bd2 Rd8 24. c4 bxc4 25. Ba5 Rd6 26. Bf1 Nb6 27. Bxb6
Rxb6 28. Bxc4 a5 29. b3 g5 30. Nb2 Kf8 31. Nd3 Bd6 32. Bb5 Ne4 33. Kg2 Nd2 34.
Nxc5 Ke7 35. Rc2 f6 36. Nd7 Rxb5 37. axb5 Nxb3 38. Nb6 Nd4 39. Rd2 Ne6 40. Nc8+
1-0

[Event "Bad Woerishofen op"]
[Site "?"]
[Date "2003.??.??"]
[Round "3"]
[White "Tscharotschkin, Michael"]
[Black "Henrichs, Thomas"]
[Result "0-1"]
[WhiteElo "2214"]
[BlackElo "2438"]
[Annotator "ChessOrg"]
[PlyCount "84"]

1. e4 c5 2. c3 Nf6 3. e5 Nd5 4. d4 cxd4 5. cxd4 d6 6. Nf3 e6 7. Bc4 Nb6 8. Bd3
Nc6 9. a3 dxe5 10. dxe5 Nd7 11. Bb5 Qc7 12. Bf4 a6 13. Bxc6 Qxc6 14. O-O b5 15.
Nbd2 Bb7 16. Qe2 Rc8 17. Nb3 Qb6 18. Rac1 Rxc1 19. Rxc1 Be7 20. Bd2 Qd8 21. Ba5
Qa8 22. Nbd4 O-O 23. h4 Rc8 24. Rd1 Bd5 25. Qe3 Qb7 26. Kh2 h6 27. Rg1 Bc5 28.
Qf4 Ba7 29. Bc3 Bb8 30. g3 Rc4 31. Qe3 Ba7 32. Nd2 Rc8 33. Re1 Nb6 34. Qf4 Na4
35. Re3 Bb6 36. f3 Qa7 37. Rd3 Bc7 38. Ne4 Bxe4 39. Qxe4 Nc5 40. Qe3 Nxd3 41.
Qxd3 Bxe5 42. Nc6 Qf2+ 0-1

[Event "Bad Woerishofen op"]
[Site "?"]
[Date "2003.??.??"]
[Round "3"]
[White "Moehring, Norbert"]
[Black "Reichwald, Klaus-Dieter"]
[Result "1-0"]
[WhiteElo "2166"]
[BlackElo "2027"]
[Annotator "ChessOrg"]
[PlyCount "53"]

1. b4 e5 2. Bb2 d6 3. e3 Nf6 4. Nf3 Nc6 5. b5 Ne7 6. c4 Ng6 7. Qc2 Bg4 8. Be2
Be7 9. h3 Bxf3 10. Bxf3 Rb8 11. Nc3 O-O 12. Nd5 Nxd5 13. Bxd5 Kh8 14. h4 Bxh4
15. g3 Bg5 16. O-O-O f5 17. g4 Bh6 18. gxf5 Ne7 19. Be6 c6 20. f4 Qc7 21. fxe5
dxe5 22. Qe4 Ng8 23. Bxg8 Kxg8 24. Rxh6 cxb5 25. Bxe5 Qxc4+ 26. Qxc4+ bxc4 27.
Rg1 1-0

[Event "Bad Woerishofen op"]
[Site "?"]
[Date "2003.??.??"]
[Round "3"]
[White "Wallhof, Dieter"]
[Black "Heika, Martin"]
[Result "0-1"]
[WhiteElo "2079"]
[BlackElo "2355"]
[Annotator "ChessOrg"]
[PlyCount "96"]

1. e4 d5 2. d3 dxe4 3. dxe4 Qxd1+ 4. Kxd1 Nf6 5. f3 e5 6. Be3 Be6 7. Nd2 Be7 8.
Bc4 Bxc4 9. Nxc4 Nc6 10. c3 Nd7 11. Ne2 b5 12. Nd2 Nc5 13. Kc2 O-O-O 14. Rhd1
g6 15. Bxc5 Bxc5 16. b4 Bb6 17. a4 a6 18. axb5 axb5 19. Nb3 Rxd1 20. Rxd1 Rd8
21. Re1 Rd6 22. Nec1 Nd8 23. Nd3 f6 24. Ndc5 Bxc5 25. Nxc5 Ne6 26. Nxe6 Rxe6
27. Rd1 f5 28. exf5 gxf5 29. Re1 Kd7 30. c4 bxc4 31. Kc3 Ke7 32. Kxc4 Rc6+ 33.
Kb5 Rb6+ 34. Kc5 Ke6 35. b5 Rd6 36. Re2 Rd3 37. Kc4 Rd1 38. Ra2 e4 39. fxe4
fxe4 40. Ra8 Ke5 41. Re8+ Kf4 42. Rh8 Rd7 43. Rf8+ Ke3 44. Kc3 Ke2 45. g4 e3
46. h4 Ke1 47. g5 e2 48. Ra8 Re7 0-1

[Event "Bad Woerishofen op"]
[Site "?"]
[Date "2003.??.??"]
[Round "3"]
[White "Savchenko, Stanislav"]
[Black "Koenig, Christian"]
[Result "1-0"]
[WhiteElo "2539"]
[BlackElo "2139"]
[Annotator "ChessOrg"]
[PlyCount "54"]

1. d4 e6 2. c4 b6 3. e4 Bb7 4. Bd3 Nc6 5. Ne2 Nb4 6. Nbc3 Nxd3+ 7. Qxd3 d6 8.
O-O g6 9. f4 Ne7 10. d5 Bg7 11. Nd4 Qd7 12. Be3 O-O 13. f5 exf5 14. exf5 Nxf5
15. Nxf5 gxf5 16. Rxf5 Bc8 17. Raf1 Qe7 18. Rg5 f5 19. Qd2 Rf7 20. Bd4 Kf8 21.
Rxg7 Rxg7 22. Re1 Qg5 23. Bxg7+ Qxg7 24. Nb5 Ba6 25. Nd4 Bc8 26. Re6 h5 27.
Nxf5 Qh8 1-0